Normal view
MARC view
Entry Personal Name
001 - CONTROL NUMBER
- control field: 38314
003 - CONTROL NUMBER IDENTIFIER
- control field: ARRUPE
005 - DATE AND TIME OF LATEST TRANSACTION
- control field: 20180110121550.0
008 - FIXED-LENGTH DATA ELEMENTS
- fixed length control field: 180110|| aca||aabn | a|a d
040 ## - CATALOGING SOURCE
- Original cataloging agency: ARRUPE
- Transcribing agency: ARRUPE
100 ## - HEADING--PERSONAL NAME
- Personal name: Goujon, Patrick,
- Dates associated with a name: 1969-
- Relator term: author.
670 ## - SOURCE DATA FOUND
- Source citation: Work cat.: (ARRUPE)0: Fabre, Pierre-Antoine, 1957- author. 38312, Suppression et rétablissement de la Compagnie de Jésus (1773-1814) /, 2014